Jacob Robertson

Oxford A


Categories

Science - Physics0821703563.5077
Science - Biology06026088108.1701
Science - Chemistry0621506492.5024
Science - Other Science0500504377.2002
Mythology04014071106.0002
Social Science0300307293.6701
Literature - British Literature02012099122.5001
Fine Arts - Classical Music0220108698.0000
History - Other History010010117117.0000
Literature - World Literature0100108686.0001
Other010010125125.0000
Religion011056868.0001

Buzzes

Science - Physicswave equation1035
Science - Physicsparamagnetism1036
Science - Physicsnatural logarithm-537
Science - Physicsvariations1038
Science - Physicslaminar flow-540
Science - Other Sciencepolynomials1043
Science - Physicsband gap1053
Science - Physicsposition AND momentum1054
Science - Physicsliquid crystals1059
Science - Chemistryorbital overlap1064